00658nam a2200193Ia 4500001002100000003000900021008004100030040002300071041001300094100003100107245003400138250001100172260003400183300001900217490001600236501012400252520005100376700003700427861-VEG lo so (8357)IT-MiSPE171229s9999||||xx |||||||||||||| ||und|| aIT-MiSPEcIT-MiSPE aITALIANO aLope Felix de Vega Carpio  0aSoliloqui di un'anima con Dio a3a ed. aBaribEd. Paolinec(st.) 1961 a142 p. c18 cm aMaestriv49 aEdizioni San Paolo srl - Piazza Soncino, 5 - 20092 CINISELLO BALSAMO (MI) (non commercial uses only) ® Copyright 2018 aAntonio Gasparetti (intr., note). Ed. bilingue aAntonio Gasparettig(traduzione)